100 Cidades mais populosas da Bahia (2019) - Statistics

Estatísticas Gerais
  • Esse quiz foi jogado 163 vezes
  • A pontuação média é 36 de 100
Estatísticas das Respostas
Posição Cidades Inicial População Território de Identidade % Correto
Salvador S 2.872.347 Metropolitano de Salvador
100%
Feira de Santana FS 614.872 Portal do Sertão
97%
Vitória da Conquista VC 341.597 Sudoeste Baiano
97%
Camaçari C 299.132 Metropolitano de Salvador
91%
Ilhéus I 162.327 Litoral Sul
88%
Juazeiro J 216.707 Sertão do São Francisco
88%
Lauro de Freitas LF 198.440 Metropolitano de Salvador
83%
Itabuna I 213.223 Litoral Sul
82%
13º Porto Seguro PS 148.686 Costa do Descobrimento
82%
10º Jequié J 155.966 Médio Rio de Contas
77%
11º Barreiras B 155.439 Bacia do Rio Grande
72%
12º Alagoinhas A 151.596 Litoral Norte e Agreste Baiano
69%
51º Xique Xique X 46.483 Irecê
69%
Teixeira de Freitas TF 160.487 Extremo Sul
68%
19º Luís Eduardo Magalhães LEM 87.519 Bacia do Rio Grande
66%
27º Irecê I 72.967 Irecê
65%
16º Eunápolis E 113.380 Costa do Descobrimento
60%
24º Jacobina J 80.518 Piemonte da Diamantina
60%
15º Paulo Afonso PA 117.782 Itaparica
60%
17º Santo Antônio de Jesus SAJ 101.512 Recôncavo
58%
14º Simões Filho S 134.377 Metropolitano de Salvador
58%
18º Valença V 96.562 Baixo Sul
58%
30º Bom Jesus da Lapa BJL 69.148 Velho Chico
57%
20º Candeias C 87.076 Metropolitano de Salvador
51%
22º Dias D'Ávila DD 81.089 Metropolitano de Salvador
51%
23º Serrinha S 80.861 Sisal
51%
31º Brumado B 67.195 Sertão Produtivo
48%
21º Guanambi G 84.481 Sertão Produtivo
48%
25º Senhor do Bonfim SB 79.015 Piemonte Norte do Itapicuru
43%
35º Cruz das Almas CA 63.239 Recôncavo
40%
33º Itaberaba I 64.489 Piemonte do Paraguaçu
40%
42º Ribeira do Pombal RP 53.807 Semiárido Nordeste II
40%
76º Morro do Chapéu MC 35.413 Chapada Diamantina
37%
37º Santo Amaro SA 60.069 Recôncavo
37%
43º Barra B 53.578 Velho Chico
34%
36º Euclides da Cunha EC 60.585 Semiárido Nordeste II
34%
45º Caetité C 50.975 Sertão Produtivo
32%
56º Seabra S 44.091 Chapada Diamantina
32%
46º Tucano T 50.687 Sisal
32%
39º Catu C 54.704 Litoral Norte e Agreste Baiano
31%
32º Conceição do Coité CC 66.612 Sisal
31%
41º Araci A 54.379 Sisal
29%
83º Cachoeira C 33.470 Recôncavo
29%
28º Casa Nova CN 71.969 Sertão do São Francisco
29%
34º Itamaraju I 64.486 Extremo Sul
29%
50º Mata de São João MSJ 46.583 Metropolitano de Salvador
29%
49º Poções P 46.871 Sudoeste Baiano
29%
58º Vera Cruz VC 43.223 Metropolitano de Salvador
29%
29º Campo Formoso CF 71.206 Piemonte Norte do Itapicuru
28%
26º Itapetinga I 76.147 Médio Sudoeste da Bahia
28%
60º Mucuri M 41.748 Extremo Sul
28%
55º São Sebastião do Passé SSP 44.300 Metropolitano de Salvador
28%
53º Livramento de Nossa Senhora LNS 45.732 Sertão Produtivo
26%
59º Entre Rios ER 41.780 Litoral Norte e Agreste Baiano
25%
72º Esplanada E 37.237 Litoral Norte e Agreste Baiano
25%
52º Ipiaú I 45.873 Médio Rio de Contas
25%
64º Jeremoabo J 40.463 Semiárido Nordeste II
25%
48º Monte Santo MS 49.418 Sisal
25%
61º Remanso R 41.008 Sertão do São Francisco
25%
84º Riachão do Jacuípe RJ 33.436 Bacia do Jacuípe
25%
44º Santo Estevâo S 52.850 Portal do Sertão
25%
71º Amargosa A 37.241 Vale do Jiquiriçá
23%
87º Gandu G 32.403 Baixo Sul
23%
74º Itapicuru I 35.576 Litoral Norte e Agreste Baiano
23%
62º Rio Real RR 40.732 Litoral Norte e Agreste Baiano
23%
38º Ipirá I 59.595 Bacia do Jacuípe
22%
47º Macaúbas M 49.826 Velho Chico
22%
57º Nova Viçosa NV 43.376 Extremo Sul
22%
78º Pilão Arcado PA 35.048 Sertão do São Francisco
22%
68º Pojuca P 39.519 Metropolitano de Salvador
22%
95º Capim Grosso CG 30.662 Bacia do Jacuípe
20%
70º Santaluz S 37.348 Sisal
20%
66º Santa Maria da Vitória S 39.845 Bacia do Rio Corrente
20%
88º Correntina C 32.137 Recôncavo
18%
81º São Desidério SD 33.742 Bacia do Rio Grande
18%
63º Sento Sé S 40.484 Sertão do São Francisco
18%
77º Camamu C 35.316 Baixo Sul
17%
80º Curaçá C 34.700 Sertão do São Francisco
17%
94º Ruy Barbosa RB 30.814 Piemonte do Paraguaçu
17%
69º São Gonçalo dos Campos SGC 37.550 Portal do Sertão
17%
40º Jaguaquara J 54.423 Vale do Jiquiriçá
15%
82º Jaguarari J 33.570 Piemonte Norte do Itapicuru
15%
67º São Francisco do Conde S 39.802 Metropolitano de Salvador
15%
93º Canavieiras C 31.099 Litoral Sul
14%
79º Cansanção C 34.834 Sisal
14%
86º Cícero Dantas CD 32.515 Semiárido Nordeste II
14%
96º Itabela I 30.584 Costa do Descobrimento
14%
73º Itiúba I 36.089 Sisal
14%
54º Maragogipe M 44.677 Recôncavo
14%
97º Muritiba M 29.399 Recôncavo
12%
100º Paripiranga P 28.989 Piemonte Norte do Itapicuru
12%
75º Riacho de Santana RS 35.421 Velho Chico
12%
92º Serra do Ramalho SR 31.472 Velho Chico
12%
99º Carinhanha C 28.989 Velho Chico
11%
65º Inhambupe I 39.926 Litoral Norte e Agreste Baiano
11%
89º Paratinga P 32.000 Velho Chico
11%
85º Conceição do Jacuípe CJ 33.153 Portal do Sertão
9%
91º Barra do Choça B 31.603 Sudoeste Baiano
8%
90º Camacan C 31.988 Litoral Sul
8%
98º Irará I 29.018 Portal do Sertão
8%
Nenhum quiz correspondente encontrado
Distribuição das Pontuações
Porcentagem de Pessoas com Cada Pontuação
Percentil de Números Respondidos
Sua Pontuação Histórica
Você não jogou esse quiz